00445nam a2200181Ia 4500008004100000020001800041050001400059100001900073245002700092245004900119260001500168260001600183260000900199300001600208300002000224300001000244500000900254170918s9999 xx 000 0 und d a9780545405751 bN892 2012 aNorwich, Grace aI am Albert Einstein / cby Grace Norwich ; illustrated by Ute Simon. aNew York : bScholastic, c2012 a112 pages : billustrations ; c19cm. a1050